000 00317nam a22001217a 4500
008 190312b xxu||||| |||| 00| 0 eng d
041 _aeng
080 _a043.3
100 _a0
101 _aINI-BA
245 _aEkzanimi i shufrave në tërheqje për beton sipas Eurokodit EN 10002-1:2001
_cGecaj,Q
942 _2udc
_cBK
999 _c54726
_d54726